000 00770nam a2200205Ia 4500
003 0
005 20250130091113.0
008 150126s9999 xx 000 0 und d
050 _aPHS BF 723.A5
_b.Si615 2014
100 _aSin, Bo Ra.
245 _aRelationship of anxiety-related factors and academic performance of grade11 students of SISC /
_cBo Ra Sin.
260 _aLas PiƱas City, Philippines :
_bSouthville International School and Colleges,
_c2014.
300 _a57 pages :
_billustration ;
_c28 cm.
504 _aIncludes bibliographical references.
650 _aAnxiety in adolescence.
650 _aAcademic achievement
_vPsychological aspects.
650 _aHigh school students
_vPsychology.
650 _aStudents
_vMental health.
942 _2lcc
_cPASS
999 _c278686
_d278686